| LEADER |
01141nam0a2200217 450 |
| 001 |
16831845 |
| 010 |
|
|
|a 2-08-164586-6
|b br
|d 19,5 F
|
| 100 |
|
|
|a 20000518d2026 u u0frey01 ba
|
| 101 |
1 |
|
|a fre
|c eng
|
| 102 |
|
|
|a FR
|
| 200 |
0 |
|
|a mécanique du diable (La)
|f Philip Pullman
|g trad. de l'anglais (Grande-Bretagne) par Agnès Piganiol
|
| 207 |
|
1 |
|a
|
| 210 |
|
|
|a Paris
|b 26 rue Racine.
|c Flammarion
|d DL 2000
|
| 215 |
|
|
|a 84 p
|c ill., couv. ill. en coul
|d 18 cm
|
| 225 |
1 |
|
|a Castor poche
|i Senior
|x 0248-0492
|
| 330 |
|
|
|a Une auberge allemande, du siècle dernier, en plein hiver. Les clients réunis sont impatients : demain, Karl, l'apprenti horloger en fin de formation, doit inaugurer un nouvel automate pour l'horloge mécanique de la ville, comme le veut la tradition. Seulement voilà : il n'a rien fabriqué ! L'arrivée d'un génie de l'horlogerie va entraîner d'inquiétants incidents...
|
| 700 |
|
0 |
|a Pullman
|b Philip
|f 1946-....
|4 70
|
| 702 |
|
0 |
|a Piganiol
|b Agnès
|f 1944-....
|4 730
|
| 900 |
|
|
|a Roman enfant
|
| 901 |
|
|
|a Accessible au prêt
|
| 995 |
|
|
|a Bibliothèque
|c Bibliothèque
|f 024019608
|h 024019608
|k E C4 PUL
|o p
|q j
|r az
|e Bibliothèque
|